03234nam a2200529Ia 45000010005000000080041000050100009000460410014000550820023000692450215000922600018003073000007003255200007003326300027003396300014003666300027003806500027004076900014004347000028004487000034004769010043005109020006005539030036005599040018005959050025006139060006006389070014006449080014006589090051006729100015007239110010007389120014007489130009007629140024007719150019007959160009008149170009008239180014008329190023008465201776008699210007026459220007026529230006026599240014026659420010026799990015026891146241029s9999 xx 000 0 und d a1057 aEspañol aUSCD MSG 0005 2013 0aPropuesta de un Programa de Capacitación para Docentes de Odontología, en el Uso y Manejo de las Nuevas Tecnologías Aplicadas a la Educación de la Universidad Federico Henríquez y Carvajal año 2013. aSanto Domingo a47 a29 aCapacitación Docente aPropuesta aTecnología Educativa aCapacitación Docente aElaborado easesoraMatos, Patricia eautoraDe los Santos , Carlos a{"1":"De los Santos "}b{"1":"Carlos"} a1 a{"1":"Matos"}b{"1":"Patricia"} aMaestría en aEducación Superior a2 aNO APLICA aNO APLICA aUniversidad Católica de Santo Domingo (UCSD) aNULLbNULL a["1"] aNO APLICA aNULL a01 de Enero de 2013 a03/07/14 12:07 aNULL aNULL aNO APLICA a["30","264","191"] aEl objetivo general de esta investigación consistió en diseñar una propuesta de capacitación donde se determine el uso y manejo que dan los profesores de odontología de la Universidad Federico Henríquez y Carvajal (UFHEC) a las nuevas tecnologías, en Santo Domingo, Distrito Nacional. También se propuso como otros objetivos identificar los conocimientos que manifiestan tener los docentes de Odontología de UFHC sobre las nuevas tecnologías.El tipo de estudio fue exploratorio y se utilizó el método inductivo. Se aplicaron el método inductivo, se aplicaron encuestas aplicadas a los docentes de la UFHC, usando cuestionarios de preguntas abiertas y cerradas. Se tomó una muestra de 12 docentes de manera aleatoria.La propuesta de capacitación tuvo como objetivo general brindar a los docentes de la carrera de odontología de la Universidad Federico Henríquez y Carvajal, una alternativa para mejorar el nivel técnico, moderno a través de capacitación, creación de talleres, para el mejor desenvolvimiento de  todas las asignaturas del área de odontología. Los beneficios directos e indirectos son los docentes y estudiantes de Odontología de la UFHC.Como resultados, según los datos de la investigación, se evidenció el hecho de que solo tres de los encuestados han recibido algún tipo de capacitación para un margen de un 25% y que nueve no han recibido ningún tipo, lo que revela la convicción de la necesidad de una propuesta de capacitación en el uso y manejo de las nuevas tecnologías aplicadas a la educación. Es muy importante que el docente tenga elaborado todo su material didáctico en sistemas computarizados a fin de dar así fiel cumplimiento de las exigencias de estos nuevos tiempos. a16 a16 a0 aNO APLICA cTesis c1057d1057